| 000 | 01497nam0a2200349 i 4500 | ||
|---|---|---|---|
| 001 | RU\NLR\BIBL_A\011176055 | ||
| 005 | 20260405155737.0 | ||
| 010 |
_a9785744437572 _9100 |
||
| 021 |
_aRU _b2016-51458 _93288 |
||
| 035 | _a(NILC)RuMoRGB-008535613 | ||
| 035 | _a(NLR Aleph) 011176055 | ||
| 090 |
_a11792557 _c11792557 |
||
| 100 | _a20160713d2016 km y0rusy50 ca | ||
| 101 | 0 | _arus | |
| 102 | _aRU | ||
| 105 | _aa|||z|||000yy | ||
| 200 | 1 |
_aРашбол _eправила соревнований _fАссоц. рус. футбола _g[сост.: В. В. Макаров и др.] |
|
| 210 |
_aВладивосток _cДальневосточный федеральный университет _d2016 |
||
| 215 |
_a74 с. _cил. _d20 |
||
| 512 | 1 | _aПравила соревнований по рашболу | |
| 606 | 1 |
_aРашбол _xСоревнования _xПравила _92292108 _3RU\NLR\AUTH\6601600057 |
|
| 610 | 0 | _aрашбол | |
| 675 | _a796/799 | ||
| 686 | 1 | _aЧ515.785рашбол4(0)9-3 | |
| 702 | 1 |
_4220 _8rus _7ca _aМакаров _bВ. В. _cд-р техн. наук, горное дело _f1955- _gВладимир Владимирович _3RU\NLR\AUTH\7766494 _949422 |
|
| 712 | 0 | 2 |
_4570 _aАссоциация русского футбола _cВладивосток _9525165 _3RU\NLR\AUTH\880430415 |
| 801 | 0 |
_aRU _bРГБ _c20160704 _gRCR |
|
| 801 | 2 |
_aRU _bРГБ _c20160707 _grcr |
|
| 942 | _cBOOK | ||
| 980 | _aNBR | ||